3D-scanning for archaeology and cultural heritage: preserving history with geospatial technology (Record no. 74546)
[ view plain ]
| 000 -LEADER | |
|---|---|
| fixed length control field | 00878cab a2200217 4500 |
| 001 - CONTROL NUMBER | |
| control field | ABS68243 |
| 008 - FIXED-LENGTH DATA ELEMENTS--GENERAL INFORMATION | |
| fixed length control field | 040924n2004 000 0 eng u |
| 035 ## - SYSTEM CONTROL NUMBER | |
| System control number | (Sirsi) u127521 |
| 100 ## - MAIN ENTRY--PERSONAL NAME | |
| Personal name | Schaich, M. |
| 245 ## - TITLE STATEMENT | |
| Title | 3D-scanning for archaeology and cultural heritage: preserving history with geospatial technology |
| 260 ## - PUBLICATION, DISTRIBUTION, ETC. | |
| Date of publication, distribution, etc. | 2004 |
| 490 ## - SERIES STATEMENT | |
| Series statement | Geo Informatics |
| Volume/sequential designation | 7(6) September 2004, 18-21(3) |
| 520 ## - SUMMARY, ETC. | |
| Summary, etc. | Describes how the increasing use of 3D surveying technologies for the documentation of paleo-archaeological, pre-historical and historical goods and monuments has given rise to new occupational fields for specialist service providers within archaeology and related disciplines. |
| 590 ## - LOCAL NOTE (RLIN) | |
| Local note | ABS |
| 650 ## - SUBJECT ADDED ENTRY--TOPICAL TERM | |
| Topical term or geographic name entry element | ARCHAEOLOGY |
| 650 ## - SUBJECT ADDED ENTRY--TOPICAL TERM | |
| Topical term or geographic name entry element | SURVEYING TECHNOLOGY |
| 650 ## - SUBJECT ADDED ENTRY--TOPICAL TERM | |
| Topical term or geographic name entry element | CULTURAL HERITAGE |
| 650 ## - SUBJECT ADDED ENTRY--TOPICAL TERM | |
| Topical term or geographic name entry element | 3D MODELLING |
| 690 ## - LOCAL SUBJECT ADDED ENTRY--TOPICAL TERM (OCLC, RLIN) | |
| Topical term or geographic name as entry element | Geomatics |
| 9 (RLIN) | 6242 |
| 942 ## - ADDED ENTRY ELEMENTS (KOHA) | |
| Suppress in OPAC | 0 |
| Withdrawn status | Lost status | Source of classification or shelving scheme | Damaged status | Not for loan | Home library | Current library | Shelving location | Date acquired | Total Checkouts | Full call number | Barcode | Date last seen | Copy number | Price effective from | Koha item type |
|---|---|---|---|---|---|---|---|---|---|---|---|---|---|---|---|
| Dewey Decimal Classification | London | London | Journal article | 24/09/2004 | ABS68243 | 127521-1001 | 06/08/2019 | 1 | 06/08/2019 | Journal article |